| 000 | 02013nam a22002537a 4500 | ||
|---|---|---|---|
| 999 |
_c63127 _d63127 |
||
| 003 | Ge_BSU | ||
| 005 | 20250609154650.0 | ||
| 008 | 250609s2018 ge ||||| |||| 00| 0 geo d | ||
| 020 | _a9789941476556 | ||
| 041 | _ageo | ||
| 080 | _a51(075.8) მ-15 | ||
| 245 |
_aმათემატიკა : მე-3 კლასი : _b მოსწავლის წიგნი. ნაწ. 3 / _c გურამ გოგიშვილი, თეიმურაზ ვეფხვაძე, ია მებონია, ლამარა ქურჩიშვილი; რედაქტორი თეიმურაზ ვეფხვაძე; მხატვარი ნანა მიქაბერიძე; გარეკანის დიზაინერები: გურამ გოგიშვილი, ილია ხელაია. |
||
| 264 |
_aთბილისი : _bინტელექტი, _c2018. |
||
| 300 |
_a128 გვ. : _bილ.; _c28 სმ. |
||
| 500 | _aგრიფი მიენიჭა საქ. განათლების, მეცნიერების, კულტურისა და სპორტის სამინისტროს მიერ 2018 წლის 24 ივლისს, ბრძანება N25. | ||
| 653 | _aმათემატიკა | ||
| 700 |
_aგოგიშვილი, გურამ _eავტორი, გარეკანის დიზაინერი _925325 |
||
| 700 |
_aვეფხვაძე, თეიმურაზ _eავტორი, რედაქტორი _925326 |
||
| 700 |
_aმებონია, ია _eავტორი _925327 |
||
| 700 |
_aქურჩიშვილი, ლამარა _e ავტორი _925328 |
||
| 700 |
_aმიქაბერიძე, ნანა _eმხატვარი _925287 |
||
| 700 |
_aხელაია, ილია _eგარეკანის დიზაინერი _925329 |
||
| 942 |
_2udc _cᲬᲘᲒᲜᲘ |
||